Three-dimensional effects in integrity testing of piles /
Saved in:
| 主要作者: | |
|---|---|
| 格式: | Thesis 圖書 |
| 語言: | English |
| 出版: |
1999.
|
| 標簽: |
添加標簽
沒有標簽, 成為第一個標記此記錄!
|
| LEADER | 00700cam a2200205 a 4500 | ||
|---|---|---|---|
| 001 | u476765 | ||
| 003 | SIRSI | ||
| 008 | 000929s1999 si v 00 1 eng m | ||
| 035 | |a ACO-1091 | ||
| 040 | |a UMM | ||
| 090 | |a TA145 |b NUS 1999 Cho | ||
| 100 | 1 | 0 | |a Chow, Wei Foo. |
| 245 | 1 | 0 | |a Three-dimensional effects in integrity testing of piles / |c by Chow Wei Foo. |
| 260 | |c 1999. | ||
| 300 | |a xxiv, 233 leaves : |b ill. ; |c 30 cm. | ||
| 502 | |a Dissertation (M.Eng.) -- National University of Singapore, 1999. | ||
| 504 | |a Bibliography: leaves 226-227. | ||
| 948 | |a 20/02/2001 |b 01/11/2002 | ||
| 596 | |a 1 | ||
| 999 | |a TA145 NUS 1999 CHO |w LC |c 1 |i A510138997 |l B_KOM4 |m P01UTAMA |r Y |s Y |t TESIS |u 11/11/2002 |o .PUBLIC. BKOM 4 : 44222 | ||
